00358pab a2200133 454500008004000000100002400040245005400064260000900118300001200127362001200139650003300151650002000184773002000204180718b2000 xxu||||| |||| 00| 0 eng d aRahman, M. Redwanur aHealth services system in Bangladesh: an overview c2000 ap.65-82 aJan-Mar aHealth services - Bangladesh aHealth services aIASSI Quarterly